=LDR 00000nam 2200000 4500 =001 INLIS000000000040223 =005 20130612145810 =008 ***********************************Ind** =035 ##$$0010-061300000040223 =041 ##$$a Ind =082 ##$$a 813 =090 ##$$a 813, Aks c.2 =100 ##$$a Aksana,Andrei =245 ##$$a Cinta Penuh Air Mata6cAndrei Aksana =260 ##$$a 2007 $b Jakarta =300 ##$$a 344 hlm, 20 cm =700 ##$$a Bonni Susilo =850 ##$$a NBPNMAT =990 ##$$a 0001/BPAP-NTB/2016